000 00810nam a22002652a 4500
001 15793
003 BD-RjUL
005 20211208235904.0
008 140210r19681965enka 001 0 eng d
035 _a(BD-RjUL)15848
_aOCLC ocm02212387 from D950321M
040 _aDLC
_cCIN
_dBD-RjUL
_beng
041 _aeng
082 _a657
_bBRG 1968
100 1 _aBroad, Horace Wilfrid.
_948986
245 1 2 _aA guide to management accounting /
_cH. W. Broad and K. S. Carmicheal
250 _a4th ed
260 _aLondon :
_bH. F. L.,
_cc1965 [reprint 1968].
300 _aix, 215 p. :
_bill., tables, diagrs. ;
_c23 cm
504 _aIncludes index.
650 0 _aAccounting
_948987
700 1 _aCarmichael, K. S.
_q(Keith Stanley)
_935033
942 _2ddc
_cBK
999 _c15793
_d15793